000 00665nam a22002177a 4500
003 dpl
005 20180703102623.0
008 080912t xxu||||| |||| 00| 0 eng d
010 _aB-161107
020 _a9788126904501
_c350.00
035 _aB-161107, B-161107, B-161101
037 _bBPPD/PUB
040 _c0
082 _a883.08
245 _aIndian fiction in English translation/
_cedited by Shubha Tiwari
260 _aNew Delhi
_bAtlantic Publishers
_c2005
270 _a7/22, Ansari Road, Darya ganj
_bNew Delhi
300 _aviii, 148 p.
_c22cm ( Hb.)
600 _aTiwari, Shubha
942 _adpl
_cEN
_k883.08
_2ddc
_h883.08
_mIND
999 _c152285
_d152285